[Event "Tambov Pavlyutin Memorial 9th"]
[Site "Tambov"]
[Date "2019.06.29"]
[Round "7"]
[White "Kostin, Andrei"]
[Black "Kutyanina, Mariya"]
[Result "1/2-1/2"]
[WhiteElo "2154"]
[BlackElo "1868"]
[PlyCount "23"]
[EventDate "2019.06.26"]
[EventType "tourn"]
[EventRounds "9"]
[EventCountry "RUS"]
[SourceTitle "EXT 2020"]
[Source "ChessBase"]
[SourceDate "2019.10.17"]
[SourceVersion "1"]
[SourceVersionDate "2019.10.17"]
[SourceQuality "1"]

1. d4 Nf6 2. Nf3 e6 3. g3 d5 4. c4 dxc4 5. Qa4+ Nbd7 6. Bg2 a6 7. Qxc4 b5 8. Qc2 Bb7 9. 0-0 c5 10. dxc5 Bxc5 11. Nbd2 Rc8 12. Qb1 1/2-1/2

[Event "Tambov Pavlyutin Memorial 9th"]
[Site "Tambov"]
[Date "2019.06.27"]
[Round "4"]
[White "Kostin, Andrei"]
[Black "Suvorov, Alexander"]
[Result "1/2-1/2"]
[WhiteElo "2154"]
[BlackElo "1856"]
[PlyCount "54"]
[EventDate "2019.06.26"]
[EventType "tourn"]
[EventRounds "9"]
[EventCountry "RUS"]
[SourceTitle "EXT 2020"]
[Source "ChessBase"]
[SourceDate "2019.10.17"]
[SourceVersion "1"]
[SourceVersionDate "2019.10.17"]
[SourceQuality "1"]

1. d4 d5 2. c4 e6 3. Nc3 Nf6 4. Bg5 c6 5. e3 Nbd7 6. Nf3 Bb4 7. cxd5 exd5 8. Qc2 Qa5 9. Bd3 0-0 10. 0-0 h6 11. Bh4 Re8 12. Nd2 Bd6 13. a3 Qc7 14. Bg3 Nb6 15. b3 Qe7 16. Bxd6 Qxd6 17. b4 a6 18. Nb3 Ng4 19. g3 Nf6 20. Rfc1 Bh3 21. Nc5 Re7 22. a4 Rae8 23. a5 Nc8 24. Ne2 Bg4 25. Nf4 Bf3 26. Bf1 Ng4 27. Nfd3 Qg6 1/2-1/2

[Event "Tambov Pavlyutin Memorial 9th"]
[Site "Tambov"]
[Date "2019.06.26"]
[Round "1"]
[White "Geranichev, Mikhail"]
[Black "Kostin, Andrei"]
[Result "0-1"]
[WhiteElo "2060"]
[BlackElo "2154"]
[PlyCount "122"]
[EventDate "2019.06.26"]
[EventType "tourn"]
[EventRounds "9"]
[EventCountry "RUS"]
[SourceTitle "EXT 2020"]
[Source "ChessBase"]
[SourceDate "2019.10.17"]
[SourceVersion "1"]
[SourceVersionDate "2019.10.17"]
[SourceQuality "1"]

1. Nf3 Nf6 2. g3 g6 3. Bg2 Bg7 4. 0-0 c5 5. d3 0-0 6. e4 d6 7. Nbd2 Nc6 8. Nc4 b5 9. Ne3 Rb8 10. h4 Ng4 11. c3 b4 12. Qc2 bxc3 13. bxc3 Nb4 14. cxb4 Bxa1 15. bxc5 dxc5 16. Qxc5 Qxd3 17. Nd5 e6 18. Ne7+ Kg7 19. Ba3 Re8 20. Rxa1 Rb1+ 21. Rxb1 Qxb1+ 22. Qc1 Qxc1+ 23. Bxc1 Rxe7 24. Bb2+ f6 25. e5 f5 26. Nd4 Kf7 27. Nb5 Ba6 28. Nd6+ Kg8 29. Bf3 Nh6 30. Ba3 Rc7 31. Bd1 Bb7 32. Ne8 Rc3 33. Bb3 Bc8 34. Kf1 Nf7 35. Bb2 Rc6 36. Nf6+ Kh8 37. f4 Ba6+ 38. Ke1 Bc4 39. Kd2 Bxb3 40. axb3 Rc8 41. Bd4 a6 42. b4 Nh6 43. h5 Ng8 44. hxg6 hxg6 45. Nxg8 Kxg8 46. Bc5 Kf7 47. Kd3 Ke8 48. Kc4 Rb8 49. Bd6 Rb5 50. Bc5 Kd7 51. Kc3 Kc6 52. Kd4 Rxc5 53. bxc5 Kb5 54. c6 Kxc6 55. Kc4 a5 56. Kb3 Kb5 57. Kc3 a4 58. Kd3 Kb4 59. Kc2 a3 60. Kb1 Kb3 61. Ka1 a2 0-1

[Event "Tambov Korensky Memorial 27th"]
[Site "Tambov"]
[Date "2018.08.17"]
[Round "7"]
[White "Astafurov, Arseniy"]
[Black "Kostin, Andrei"]
[Result "1-0"]
[WhiteElo "2081"]
[BlackElo "2147"]
[PlyCount "111"]
[EventDate "2018.08.11"]
[EventType "swiss"]
[EventRounds "9"]
[EventCountry "RUS"]
[SourceTitle "CBM 186 Extra"]
[Source "ChessBase"]
[SourceDate "2018.08.24"]
[SourceVersion "1"]
[SourceVersionDate "2018.08.24"]
[SourceQuality "1"]

1. c4 c5 2. Nf3 Nf6 3. Nc3 Nc6 4. e3 g6 5. d4 cxd4 6. exd4 d5 7. cxd5 Nxd5 8. Qb3 Nxc3 9. Bc4 e6 10. bxc3 Bd7 11. Be2 Na5 12. Qb2 Bg7 13. Bf4 0-0 14. 0-0 Rc8 15. Ne5 f6 16. Nxd7 Qxd7 17. Rfe1 e5 18. dxe5 fxe5 19. Be3 b6 20. Qb4 Qf7 21. Rf1 Nc4 22. Bg5 e4 23. Rad1 Na5 24. Qa4 Rc7 25. Bg4 Qc4 26. Qxc4+ Nxc4 27. Bd8 Rc6 28. Bd7 Ne5 29. Bxc6 Nxc6 30. Bg5 Bxc3 31. Rc1 Nd4 32. Kh1 Bb4 33. Be3 Nf5 34. g3 Ba3 35. Rc3 Nxe3 36. Rxe3 Bc5 37. Rxe4 Rxf2 38. Rxf2 Bxf2 39. Re7 b5 40. Rb7 Bb6 41. Kg2 b4 42. Kf3 Bc5 43. Ke4 a5 44. Rb5 Bg1 45. Kf3 Kg7 46. Rxa5 Bd4 47. Rb5 Bc3 48. Rb7+ Kh6 49. h4 Be1 50. g4 Bxh4 51. Rxb4 Kg5 52. a4 Be1 53. Rb5+ Kh4 54. a5 Bc3 55. a6 Bd4 56. Rb7 1-0

[Event "Tambov Korensky Memorial 27th"]
[Site "Tambov"]
[Date "2018.08.11"]
[Round "1"]
[White "Shvadchenko, Grigory F"]
[Black "Kostin, Andrei"]
[Result "1/2-1/2"]
[WhiteElo "1954"]
[BlackElo "2147"]
[PlyCount "76"]
[EventDate "2018.08.11"]
[EventType "swiss"]
[EventRounds "9"]
[EventCountry "RUS"]
[SourceTitle "CBM 186 Extra"]
[Source "ChessBase"]
[SourceDate "2018.08.24"]
[SourceVersion "1"]
[SourceVersionDate "2018.08.24"]
[SourceQuality "1"]

1. Nf3 Nf6 2. d4 d5 3. g3 g6 4. Bg2 Bg7 5. b3 Ne4 6. Bb2 c5 7. 0-0 Nc6 8. e3 0-0 9. Nbd2 Bg4 10. Qc1 Bxf3 11. Nxf3 cxd4 12. Nxd4 Nxd4 13. exd4 Rc8 14. Bxe4 dxe4 15. Qd2 b5 16. Rac1 Qd5 17. c3 f5 18. f4 exf3 19. Qf4 e5 20. dxe5 Bxe5 21. Qxf3 Rfd8 22. Qxd5+ Rxd5 23. Rcd1 Rxd1 24. Rxd1 Bxc3 25. Bxc3 Rxc3 26. Rd8+ Kg7 27. Rd7+ Kh6 28. Rxa7 Rc2 29. Ra5 Kg5 30. h3 h5 31. Rxb5 Rxa2 32. Rb6 Rb2 33. Kf1 Rh2 34. h4+ Kg4 35. Rxg6+ Kf3 36. Ke1 Rb2 37. Rg5 Rxb3 38. Rxf5+ Kxg3 1/2-1/2

[Event "Tambov Region-ch"]
[Site "Tambov"]
[Date "2018.02.21"]
[Round "9"]
[White "Dikov, Alexander I"]
[Black "Kostin, Andrei"]
[Result "0-1"]
[WhiteElo "1895"]
[BlackElo "2181"]
[PlyCount "86"]
[EventDate "2018.02.21"]
[EventType "swiss"]
[EventRounds "9"]
[EventCountry "RUS"]
[SourceTitle "CBM 183 Extra"]
[Source "ChessBase"]
[SourceDate "2018.04.19"]
[SourceVersion "1"]
[SourceVersionDate "2018.04.19"]
[SourceQuality "1"]

1. Nf3 Nf6 2. d4 d5 3. e3 c5 4. b3 g6 5. Nbd2 Ne4 6. Bb2 Bg7 7. Bb5+ Bd7 8. Bxd7+ Nxd7 9. Nxe4 dxe4 10. Nd2 f5 11. 0-0 0-0 12. f3 exf3 13. Nxf3 e6 14. c4 g5 15. Qe2 g4 16. Nd2 Qg5 17. g3 h5 18. e4 cxd4 19. exf5 exf5 20. Qe6+ Rf7 21. Rf4 Nc5 22. Qd5 Nd3 23. Ne4 Qg6 24. Nd6 Nxf4 25. gxf4 Rd8 26. c5 Bf8 27. Re1 Rxd6 28. cxd6 Qxd6 29. Qxd4 Qxd4+ 30. Bxd4 Bd6 31. Re8+ Kh7 32. Rh8+ Kg6 33. Rg8+ Kh6 34. Rh8+ Rh7 35. Rxh7+ Kxh7 36. Be3 Kg6 37. h4 a6 38. Kf2 Be7 39. Kg3 Kf7 40. Bd2 Ke6 41. Be1 Kd5 42. Kg2 Ke4 43. Bg3 Bd6 0-1

[Event "Tambov Region-ch"]
[Site "Tambov"]
[Date "2018.02.21"]
[Round "4"]
[White "Machekhin, Evgeniy A"]
[Black "Kostin, Andrei"]
[Result "1/2-1/2"]
[WhiteElo "2090"]
[BlackElo "2181"]
[PlyCount "34"]
[EventDate "2018.02.21"]
[EventType "swiss"]
[EventRounds "9"]
[EventCountry "RUS"]
[SourceTitle "CBM 183 Extra"]
[Source "ChessBase"]
[SourceDate "2018.04.19"]
[SourceVersion "1"]
[SourceVersionDate "2018.04.19"]
[SourceQuality "1"]

1. c4 c5 2. Nc3 Nc6 3. g3 g6 4. Bg2 Bg7 5. Nf3 Nf6 6. 0-0 0-0 7. d4 cxd4 8. Nxd4 Nxd4 9. Qxd4 d6 10. Qd3 Bf5 11. e4 Be6 12. b3 Rb8 13. Bb2 a6 14. Rab1 Qa5 15. Nd5 Bxd5 16. exd5 Qxa2 17. Bd4 Qa5 1/2-1/2

[Event "Tambov Region-ch"]
[Site "Tambov"]
[Date "2018.02.21"]
[Round "2"]
[White "Pishchalnikov, Roman A"]
[Black "Kostin, Andrei"]
[Result "0-1"]
[WhiteElo "1839"]
[BlackElo "2181"]
[PlyCount "114"]
[EventDate "2018.02.21"]
[EventType "swiss"]
[EventRounds "9"]
[EventCountry "RUS"]
[SourceTitle "CBM 183 Extra"]
[Source "ChessBase"]
[SourceDate "2018.04.19"]
[SourceVersion "1"]
[SourceVersionDate "2018.04.19"]
[SourceQuality "1"]

1. d4 Nf6 2. c4 g6 3. Nc3 d5 4. cxd5 Nxd5 5. e4 Nxc3 6. bxc3 c5 7. Nf3 Bg7 8. Be2 cxd4 9. cxd4 Nc6 10. Be3 0-0 11. 0-0 Bg4 12. e5 Be6 13. Ng5 Bd5 14. f4 f6 15. Nf3 f5 16. Qa4 Qa5 17. Qxa5 Nxa5 18. Rfc1 e6 19. Bd2 Nc6 20. Be3 Rac8 21. Bc4 Ne7 22. Bb3 Bxb3 23. axb3 Nd5 24. Bd2 a6 25. Kf2 Bh6 26. g3 Rfe8 27. Rxc8 Rxc8 28. Rc1 Rxc1 29. Bxc1 Bf8 30. Bd2 Be7 31. Ne1 Kf7 32. Kf3 Ke8 33. Nd3 b6 34. h3 Kd7 35. Ke2 Kc6 36. Nf2 Kb5 37. Nd3 Ba3 38. Kd1 a5 39. Ne1 a4 40. Kc2 Be7 41. bxa4+ Kxa4 42. Nd3 Ba3 43. Bc1 Be7 44. Nb2+ Ka3 45. Nc4+ Ka2 46. Nd6 h6 47. g4 fxg4 48. hxg4 h5 49. f5 exf5 50. gxh5 gxh5 51. Nxf5 b5 52. Nxe7 Nxe7 53. Bd2 h4 54. Kd3 h3 55. Bf4 b4 56. Ke2 b3 57. Bc1 h2 0-1